[Event "Mikhail Tal Mem Rapid"]
[Site "Jurmala LAT"]
[Date "2017.03.05"]
[Round "8.6"]
[White "Shirov,A"]
[Black "Glud,J"]
[Result "1/2-1/2"]
[WhiteTitle "GM"]
[BlackTitle "GM"]
[WhiteElo "2691"]
[BlackElo "2522"]
[WhiteFideId "2209390"]
[BlackFideId "1407767"]
[EventDate "2017.03.04"]

1. e4 e5 2. Nf3 Nc6 3. Bb5 a6 4. Ba4 Nf6 5. O-O Be7 6. Re1 b5 7. Bb3 d6 8. c3
O-O 9. d4 Bg4 10. Be3 exd4 11. cxd4 Na5 12. Bc2 Nc4 13. Bc1 c5 14. b3 Nb6 15.
Nbd2 Nfd7 16. Bb2 Rc8 17. a4 bxa4 18. bxa4 cxd4 19. a5 Nc4 20. Nxc4 Rxc4 21. Bd3
Bxf3 22. gxf3 Rc5 23. Bxd4 Rxa5 24. Bxa6 Rg5+ 25. Kh1 Bf6 26. f4 Bxd4 27. Qxd4
Rh5 28. Be2 Rh6 29. Rg1 Qf6 30. Rad1 Rd8 31. Qxf6 Nxf6 32. e5 Ne8 33. f5 Kf8 34.
f4 Rb8 35. Rb1 Rc8 36. Rgc1 Rxc1+ 37. Rxc1 dxe5 38. fxe5 Rb6 39. Rc8 Ke7 40. Bc4
f6 41. e6 g6 42. Bd3 Rb7 43. fxg6 hxg6 44. Bxg6 Nd6 45. Rc2 1/2-1/2

[Event "Mikhail Tal Mem Rapid"]
[Site "Jurmala LAT"]
[Date "2017.03.05"]
[Round "9.1"]
[White "Ehlvest,J"]
[Black "Neiksans,A"]
[Result "1/2-1/2"]
[WhiteTitle "GM"]
[BlackTitle "GM"]
[WhiteElo "2536"]
[BlackElo "2613"]
[WhiteFideId "4500016"]
[BlackFideId "11601388"]
[EventDate "2017.03.04"]

1. d4 Nf6 2. c4 e6 3. g3 d5 4. Bg2 Bb4+ 5. Nd2 O-O 6. Nf3 b6 7. O-O Bb7 8. b3
Nbd7 9. Bb2 c5 10. Rc1 Rc8 11. cxd5 Bxd5 12. Nc4 cxd4 13. Nxd4 Bxg2 14. Kxg2 a6
15. Nf3 b5 16. Nce5 Rxc1 17. Qxc1 Nxe5 18. Bxe5 Nd5 19. e4 Ne7 20. a3 Ba5 21.
Rd1 Qa8 22. Qe3 Qb7 23. Bd4 Nc6 24. Bxg7 Kxg7 25. Qg5+ Kh8 26. Qf6+ Kg8 27. Qg5+
Kh8 1/2-1/2

[Event "Mikhail Tal Mem Rapid"]
[Site "Jurmala LAT"]
[Date "2017.03.05"]
[Round "9.3"]
[White "Onischuk,V"]
[Black "Stocek,J"]
[Result "1-0"]
[WhiteTitle "GM"]
[BlackTitle "GM"]
[WhiteElo "2601"]
[BlackElo "2568"]
[WhiteFideId "14114038"]
[BlackFideId "304760"]
[EventDate "2017.03.04"]

1. e4 e6 2. d4 d5 3. Bd3 dxe4 4. Bxe4 Nf6 5. Bf3 Nbd7 6. Nc3 e5 7. Nge2 Bd6 8.
Bg5 h6 9. Bh4 O-O 10. O-O Re8 11. Qd3 exd4 12. Qxd4 Ne5 13. Bd5 Ng6 14. Bxf6
Qxf6 15. Qxf6 gxf6 16. g3 c6 17. Bg2 Bc7 18. Rfe1 Ba5 19. Nd4 Bd7 20. Nb3 Bxc3
21. bxc3 Rad8 22. f4 Kg7 23. Kf2 Bf5 24. Nd4 Bc8 25. Rxe8 Rxe8 26. c4 Ne7 27.
Rb1 Rd8 28. Ke3 c5 29. Nb5 a6 30. Nc3 Nf5+ 31. Ke2 Nd4+ 32. Kf2 Nxc2 33. Bd5 Nb4
34. a4 Be6 35. Rd1 Bxd5 36. cxd5 b5 37. axb5 axb5 38. d6 c4 39. Nxb5 Nd3+ 40.
Ke3 Rb8 41. Nd4 Kf8 42. Ra1 Rd8 43. Nf5 1-0

[Event "Mikhail Tal Mem Rapid"]
[Site "Jurmala LAT"]
[Date "2017.03.05"]
[Round "9.4"]
[White "Hansen,Eric"]
[Black "Vavulin,M"]
[Result "1-0"]
[WhiteTitle "GM"]
[BlackTitle "IM"]
[WhiteElo "2616"]
[BlackElo "2604"]
[WhiteFideId "2606771"]
[BlackFideId "4169530"]
[EventDate "2017.03.04"]

1. e4 e5 2. Nf3 Nc6 3. Bb5 a6 4. Ba4 d6 5. O-O Ne7 6. c3 Bd7 7. d4 Ng6 8. Be3
Be7 9. Nbd2 O-O 10. Re1 Kh8 11. Bc2 Bf6 12. Rc1 Qe7 13. h3 Rae8 14. a3 a5 15. d5
Nd8 16. b4 axb4 17. cxb4 c6 18. dxc6 bxc6 19. Nc4 Nb7 20. Nb6 Qd8 21. a4 Be6 22.
a5 c5 23. Ba4 Nh4 24. Bxe8 Nxf3+ 25. Qxf3 Rxe8 26. bxc5 dxc5 27. Red1 Qc7 28.
Bd2 Rd8 29. Bc3 h6 30. Rxd8+ Qxd8 31. Rd1 Qc7 32. Qe2 c4 33. Nd5 Bxd5 34. Rxd5
Qc6 35. Qb2 Kh7 36. Qb6 1-0

[Event "Mikhail Tal Mem Rapid"]
[Site "Jurmala LAT"]
[Date "2017.03.05"]
[Round "9.5"]
[White "Jumabayev,R"]
[Black "Shabalov,A"]
[Result "1-0"]
[WhiteTitle "GM"]
[BlackTitle "GM"]
[WhiteElo "2611"]
[BlackElo "2556"]
[WhiteFideId "13702661"]
[BlackFideId "2008572"]
[EventDate "2017.03.04"]

1. Nf3 d5 2. g3 g6 3. Bg2 Bg7 4. d4 e6 5. c4 Ne7 6. O-O O-O 7. Qc2 b6 8. Rd1 Bb7
9. Bf4 dxc4 10. Qxc4 c5 11. Nc3 cxd4 12. Nxd4 Bxg2 13. Kxg2 Qc8 14. Qxc8 Rxc8
15. Ndb5 Nbc6 16. Rac1 a6 17. Nd6 Rd8 18. Bg5 h6 19. Be3 b5 20. Bb6 Rd7 21. Nce4
Rb8 22. Be3 Bxb2 23. Rb1 Be5 24. Nxf7 Nd5 25. Nxh6+ Kg7 26. Bg5 Nb6 27. Ng4 Bc7
28. Nc5 Rxd1 29. Rxd1 Kf7 30. Nxa6 Rc8 31. Nc5 e5 32. h4 Ra8 33. Nh6+ Ke8 34.
Ne6 Rc8 35. Nxc7+ Rxc7 36. Rd6 Nc4 37. Rxg6 Nb4 38. Rg8+ Kd7 39. Ra8 Nb6 40.
Rd8+ Ke6 41. a3 Nc6 42. Rg8 Nc4 43. Ra8 Nd4 44. e4 Nd6 45. Ra6 Nc6 46. f3 Nd4
47. Nf5 Nxf5 48. exf5+ Kd5 49. f6 Nf7 50. Kh3 Nd8 51. Kg4 Ne6 52. Kf5 1-0

[Event "Mikhail Tal Mem Rapid"]
[Site "Jurmala LAT"]
[Date "2017.03.05"]
[Round "10.1"]
[White "Neiksans,A"]
[Black "Onischuk,V"]
[Result "0-1"]
[WhiteTitle "GM"]
[BlackTitle "GM"]
[WhiteElo "2613"]
[BlackElo "2601"]
[WhiteFideId "11601388"]
[BlackFideId "14114038"]
[EventDate "2017.03.04"]

1. e4 d6 2. d4 Nf6 3. Nc3 g6 4. f4 Bg7 5. Nf3 O-O 6. Be3 b6 7. Qd2 Bb7 8. e5 Nd5
9. Nxd5 Bxd5 10. Be2 Nd7 11. O-O e6 12. Ng5 Qe7 13. Bf3 f6 14. exf6 Nxf6 15. Qd3
b5 16. b3 b4 17. Rae1 Qd7 18. Bd2 a5 19. Bxd5 exd5 20. f5 gxf5 21. Rxf5 Rae8 22.
Ref1 h6 23. Nh3 Ne4 24. Rxf8+ Rxf8 25. Rxf8+ Kxf8 26. Be3 c6 27. Nf2 Nf6 28. h3
Qe6 29. Kf1 Kg8 30. Bf4 Ne4 31. Nxe4 dxe4 32. Qg3 Kh7 33. Bxd6 Bxd4 34. Bb8 Qf5+
35. Ke2 Qb5+ 36. Ke1 Bc3+ 37. Kf2 Bd4+ 38. Ke1 Qc5 39. Kd1 Bc3 40. Qc7+ Bg7 41.
Qg3 Qh5+ 42. Qg4 Qd5+ 43. Ke1 Bc3+ 44. Kf2 Bd4+ 45. Ke2 Qb5+ 46. Ke1 Bc3+ 47.
Kf2 Qxb8 48. Qxe4+ Kh8 49. Qxc6 Qf4+ 50. Ke2 Qd2+ 51. Kf3 Qd1+ 52. Kf4 Qf1+ 53.
Ke3 Qe1+ 54. Kf3 Qf1+ 55. Ke3 Qf8 56. Qd5 Qe7+ 57. Kd3 Kg7 58. Qxa5 Qd6+ 59. Kc4
Qd4+ 60. Kb5 Qd5+ 61. Ka4 Qxg2 62. Qc7+ Kg6 63. Qd6+ Kh5 64. Qe6 Qa8+ 65. Kb5
Qb8+ 66. Kc4 Qf4+ 67. Kb5 Kh4 68. Ka4 h5 69. Qd5 Qg3 70. a3 bxa3 71. Kxa3 Qxh3
72. Qc4+ Kg5 73. Qd5+ Qf5 74. Qg2+ Kh6 75. b4 h4 76. Kb3 Bf6 77. c4 h3 78. Qg3
Be5 79. Qh4+ Kg6 80. b5 h2 81. b6 Qf3+ 0-1

[Event "Mikhail Tal Mem Rapid"]
[Site "Jurmala LAT"]
[Date "2017.03.05"]
[Round "10.2"]
[White "Sveshnikov,E"]
[Black "Hansen,Eric"]
[Result "1/2-1/2"]
[WhiteTitle "GM"]
[BlackTitle "GM"]
[WhiteElo "2493"]
[BlackElo "2616"]
[WhiteFideId "4100638"]
[BlackFideId "2606771"]
[EventDate "2017.03.04"]

1. e4 e5 2. Nc3 Nc6 3. Bc4 Nf6 4. d3 Na5 5. Bb3 Nxb3 6. axb3 d5 7. exd5 Bb4 8.
Bd2 O-O 9. Nge2 Be7 10. Bg5 Nxd5 11. Bxe7 Nxe7 12. O-O c5 13. f4 exf4 14. Nxf4
Nc6 15. Qh5 b6 16. Rae1 Nd4 17. Ncd5 Be6 18. c3 Bxd5 19. Nxd5 Ne6 20. Re3 g6 21.
Qe5 Qg5 22. Nf6+ Kg7 23. Qxg5 Nxg5 24. Re7 Rad8 25. h4 Ne6 26. Nd7 Rde8 27.
Rfxf7+ Rxf7 28. Rxe8 Nc7 29. Rd8 Ne6 30. Re8 Nc7 31. Rd8 Ne6 1/2-1/2

[Event "Mikhail Tal Mem Rapid"]
[Site "Jurmala LAT"]
[Date "2017.03.05"]
[Round "10.3"]
[White "Jumabayev,R"]
[Black "Ehlvest,J"]
[Result "1-0"]
[WhiteTitle "GM"]
[BlackTitle "GM"]
[WhiteElo "2611"]
[BlackElo "2536"]
[WhiteFideId "13702661"]
[BlackFideId "4500016"]
[EventDate "2017.03.04"]

1. Nf3 f5 2. g3 Nf6 3. Bg2 g6 4. O-O Bg7 5. d4 O-O 6. c4 d6 7. Nc3 c6 8. b3 Qa5
9. Bb2 e5 10. Qd2 Na6 11. Rad1 Re8 12. dxe5 dxe5 13. e4 Qb4 14. Rfe1 fxe4 15.
Nxe4 Nxe4 16. Rxe4 Qxd2 17. Rxd2 Bf5 18. Re1 Nb4 19. Nh4 Nxa2 20. Nxf5 gxf5 21.
Rd7 Nb4 22. Red1 Rab8 23. Bh3 Na6 24. Ba3 Bf8 25. Bxf8 Rxf8 26. Re7 Rfe8 27.
Rdd7 Rxe7 28. Rxe7 Nc5 29. b4 Nd3 30. b5 cxb5 31. cxb5 Rf8 32. Rxb7 Rf7 33. Rxf7
Kxf7 34. Bxf5 Nc5 35. Bxh7 a6 36. bxa6 Nxa6 37. Kg2 Nc5 38. Kf3 Kf6 39. Bc2 Ne6
40. Ke4 Nd4 41. Bd3 Ne6 42. h4 Nc5+ 43. Ke3 Ne6 44. Bc4 Ng7 45. g4 Ne8 46. Ke4
Nd6+ 47. Kd5 Nc8 48. Ke4 1-0

[Event "Mikhail Tal Mem Rapid"]
[Site "Jurmala LAT"]
[Date "2017.03.05"]
[Round "10.4"]
[White "Laznicka,V"]
[Black "Aleksandrov,A"]
[Result "0-1"]
[WhiteTitle "GM"]
[BlackTitle "GM"]
[WhiteElo "2667"]
[BlackElo "2568"]
[WhiteFideId "316385"]
[BlackFideId "13500139"]
[EventDate "2017.03.04"]

1. Nf3 Nf6 2. g3 b5 3. a4 b4 4. c4 bxc3 5. bxc3 e6 6. Bg2 Bb7 7. a5 Na6 8. O-O
Be7 9. d3 O-O 10. Nbd2 Rb8 11. Qc2 d6 12. Nd4 Qd7 13. Bxb7 Rxb7 14. Qa4 Qxa4 15.
Rxa4 Nd5 16. Ra3 Bf6 17. Ne4 Bxd4 18. cxd4 Nab4 19. Bd2 Nc2 20. Ra4 Rfb8 21. Kg2
Rb1 22. Rxb1 Rxb1 23. Nxd6 f5 24. Nc8 a6 25. e4 Ndb4 26. exf5 Kf7 27. Bf4 Ne1+
28. Kh3 exf5 29. Bxc7 Nbxd3 30. Ra2 Rc1 31. Nd6+ Ke6 32. Re2+ Kd7 33. Ne8 g5 34.
Bd6 Rc8 35. Re7+ Kc6 36. g4 f4 37. Re2 Rxe8 0-1

[Event "Mikhail Tal Mem Rapid"]
[Site "Jurmala LAT"]
[Date "2017.03.05"]
[Round "10.5"]
[White "Fedorov,Alex"]
[Black "Miezis,N"]
[Result "1-0"]
[WhiteTitle "GM"]
[BlackTitle "GM"]
[WhiteElo "2589"]
[BlackElo "2497"]
[WhiteFideId "13500465"]
[BlackFideId "11600136"]
[EventDate "2017.03.04"]

1. e4 c5 2. Nf3 e6 3. d3 Nc6 4. c3 d5 5. Qe2 Nge7 6. g3 g6 7. Bg2 Bg7 8. O-O O-O
9. e5 h6 10. h4 Nf5 11. Na3 b6 12. Bf4 Ba6 13. Nc2 Qe7 14. Rfe1 Rad8 15. Qd2 d4
16. c4 Bb7 17. Nh2 Nxe5 18. Bxb7 Qxb7 19. Bxe5 f6 20. Bxf6 Bxf6 21. Rxe6 Qf7 22.
Rae1 Bg7 23. R6e4 h5 24. R1e2 Bh6 25. Qd1 Rd6 26. Qf1 Rf6 27. Qg2 Kh8 28. Ne1
Nxg3 29. fxg3 Be3+ 30. Kh1 b5 31. b3 bxc4 32. dxc4 Qd7 33. Nd3 Rf5 34. g4 hxg4
35. Rxg4 R8f6 36. Rxg6 Rxg6 37. Qxg6 Qb7+ 38. Rg2 Qf7 39. Qxf7 Rxf7 40. Rg6 Kh7
41. Rg4 Rf5 42. Kg2 Kh6 43. Nf1 Kh5 44. Nxe3 dxe3 45. Rg5+ Rxg5+ 46. hxg5 1-0

[Event "Mikhail Tal Mem Rapid"]
[Site "Jurmala LAT"]
[Date "2017.03.05"]
[Round "10.6"]
[White "Bok,B"]
[Black "Ladva,O"]
[Result "1-0"]
[WhiteTitle "GM"]
[BlackTitle "GM"]
[WhiteElo "2596"]
[BlackElo "2529"]
[WhiteFideId "1017063"]
[BlackFideId "4500024"]
[EventDate "2017.03.04"]

1. e4 c5 2. Nf3 e6 3. d4 cxd4 4. Nxd4 Nc6 5. Nc3 a6 6. Nxc6 bxc6 7. Bd3 d5 8.
O-O Nf6 9. Re1 Be7 10. e5 Nd7 11. Qg4 Kf8 12. Nb1 Nc5 13. Nd2 a5 14. Nf3 h5 15.
Qg3 Ba6 16. Bxa6 Ne4 17. Qh3 Rxa6 18. Nd2 Nxd2 19. Bxd2 g6 20. Qd3 Qb6 21. a4
Kg7 22. b3 c5 23. Re3 Qc6 24. Rf3 c4 25. Qe3 cxb3 26. cxb3 Qc2 27. Rc1 Qe4 28.
Rc7 Qxe3 29. Bxe3 Re8 30. Bd4 Raa8 31. Rfc3 Rab8 32. h3 Rb4 33. Rd3 Bf8 34. Ba7
Re7 35. Rxe7 Bxe7 36. Bd4 g5 37. g4 hxg4 38. hxg4 f6 39. Kf1 fxe5 40. Bxe5+ Bf6
41. Bc7 Rxg4 42. Bxa5 d4 43. f3 Rh4 44. Be1 Rh1+ 45. Ke2 e5 46. a5 g4 47. b4
Rh2+ 48. Kd1 gxf3 49. Rxf3 e4 50. Ra3 Rh1 51. a6 Bh4 52. a7 Bxe1 53. a8=Q Bxb4+
54. Kc2 Rh2+ 55. Kc1 Bxa3+ 56. Qxa3 Rh1+ 57. Kd2 Rh2+ 58. Ke1 Rh1+ 59. Kf2 e3+
60. Kg2 Rd1 61. Qe7+ Kg6 62. Qe4+ Kg5 63. Qe5+ Kh6 64. Qf4+ Kh7 65. Qh4+ 1-0

[Event "Mikhail Tal Mem Rapid"]
[Site "Jurmala LAT"]
[Date "2017.03.05"]
[Round "11.1"]
[White "Onischuk,V"]
[Black "Sveshnikov,E"]
[Result "1-0"]
[WhiteTitle "GM"]
[BlackTitle "GM"]
[WhiteElo "2601"]
[BlackElo "2493"]
[WhiteFideId "14114038"]
[BlackFideId "4100638"]
[EventDate "2017.03.04"]

1. e4 c5 2. Nf3 Nc6 3. Bb5 e6 4. Bxc6 bxc6 5. d3 Ne7 6. Qe2 Qc7 7. O-O Ng6 8.
Ng5 Be7 9. f4 Bxg5 10. fxg5 d6 11. c4 e5 12. Nc3 Be6 13. Be3 Qe7 14. a3 O-O 15.
b4 cxb4 16. axb4 a6 17. g3 f5 18. gxf6 Rxf6 19. Rxf6 gxf6 20. b5 cxb5 21. cxb5
a5 22. b6 Qb7 23. Nb5 Rb8 24. Nc7 Bf7 25. Rxa5 Qc6 26. Qb2 f5 27. Ra8 Rxa8 28.
Nxa8 Qb7 29. Qa3 fxe4 30. Qa7 Bd5 31. Nc7 Bc6 32. dxe4 Bxe4 33. Qxb7 Bxb7 34.
Nb5 Ne7 35. Nxd6 Ba6 36. b7 Nc6 37. Bb6 Kg7 38. Bc7 Kf6 39. b8=Q Nxb8 40. Bxb8
Ke6 41. Kf2 h5 42. h4 Kd5 43. Ke3 Bf1 1-0

[Event "Mikhail Tal Mem Rapid"]
[Site "Jurmala LAT"]
[Date "2017.03.05"]
[Round "11.4"]
[White "Hansen,Eric"]
[Black "Bok,B"]
[Result "0-1"]
[WhiteTitle "GM"]
[BlackTitle "GM"]
[WhiteElo "2616"]
[BlackElo "2596"]
[WhiteFideId "2606771"]
[BlackFideId "1017063"]
[EventDate "2017.03.04"]

1. e4 c5 2. Nf3 d6 3. Bb5+ Nd7 4. c3 Nf6 5. Bd3 e6 6. Bc2 c4 7. Qe2 Qc7 8. Na3
d5 9. exd5 Bxa3 10. dxe6 O-O 11. exd7 Bxd7 12. O-O Bd6 13. d4 Bg4 14. h3 Rae8
15. Qd1 Bh5 16. Bf5 Qa5 17. g4 Bg6 18. Nh4 Bb8 19. Qf3 Qc7 20. Qg2 Re2 21. Bg5
Nd5 22. Rae1 Rxb2 23. Bxg6 hxg6 24. Nxg6 Qh2+ 25. Qxh2 Bxh2+ 26. Kxh2 fxg6 27.
Re5 Nxc3 28. d5 Rfxf2+ 29. Rxf2 Rxf2+ 30. Kg3 Re2 31. Rxe2 Nxe2+ 32. Kf3 Nd4+
33. Kf4 Kf7 34. a4 c3 35. Ke4 Nb3 36. Kd3 Nc5+ 37. Kxc3 Ne4+ 0-1

[Event "Mikhail Tal Mem Rapid"]
[Site "Jurmala LAT"]
[Date "2017.03.05"]
[Round "11.5"]
[White "Kovalenko,I"]
[Black "Vavulin,M"]
[Result "1-0"]
[WhiteTitle "GM"]
[BlackTitle "IM"]
[WhiteElo "2672"]
[BlackElo "2604"]
[WhiteFideId "14117908"]
[BlackFideId "4169530"]
[EventDate "2017.03.04"]

1. c4 e5 2. Nc3 Nc6 3. Nf3 Nge7 4. e3 g6 5. g3 Bg7 6. Bg2 O-O 7. O-O d6 8. d3 h6
9. Rb1 a5 10. a3 Be6 11. b4 axb4 12. axb4 Qd7 13. b5 Nd8 14. Bb2 Bh3 15. d4 Bxg2
16. Kxg2 exd4 17. Nxd4 Ne6 18. Nxe6 Qxe6 19. Qd3 Rfd8 20. Nd5 Bxb2 21. Rxb2 Rac8
22. Ra1 c6 23. Nxe7+ Qxe7 24. Ra7 Rc7 25. Qd4 Rcd7 26. bxc6 bxc6 27. Ra6 Rc7 28.
Rbb6 Rdc8 29. h4 h5 30. Ra5 Qe6 31. Qf4 Re7 32. Raa6 Rec7 33. Rb2 Qe5 34. Rd2
Qxf4 35. gxf4 Rd7 36. c5 d5 37. Rb2 f5 38. Rb4 Kf7 39. Kf3 Re7 40. Rbb6 Rec7 41.
Ke2 Kg7 42. Kd3 Kf7 43. Kd4 Kf6 44. Rb3 Re7 45. Kd3 Kf7 46. Rba3 Rb7 47. Ra7
Rcc7 48. Rxb7 Rxb7 49. Ra6 Rc7 50. Kd4 Kf6 51. Ra8 Re7 52. Rc8 Re4+ 53. Kd3 Rc4
54. Rxc6+ Kf7 55. Rc8 Kg7 56. c6 Kh7 57. c7 Kg7 58. f3 Rc1 59. Kd4 Rc4+ 60. Ke5
d4 61. exd4 1-0